000 00964nam a2200253Ia 4500
003 OSt
005 20220923211236.0
006 a|||||r|||| 00| 0
007 ta
008 220922b |||||||| |||| 00| 0 hin d
020 _a9788172112295 (hbk)
_c425
024 _a238,675
037 _b548, 19/01/2009, Eastern Book Linkers
_cTextual
040 _aARTS
_cARTS
_bhin
041 _2hin
_ahin
082 _a/\20aR, 152P8
100 _aगर्ग, प्यार
245 0 _aअध्यात्म, दर्शन एंव विज्ञान* एक संकलित अध्ययन
246 _aAdhyātma, darshan eanva vijnyāna: ek sankalit adhyayana
260 _aनई दिल्ली
_b नार्दर्न बुक सेंटर
_c2008
300 _a`398पृ.
_ccm.
942 _h/\20aR, 152P8
_cTEXL
_2CC
999 _c297522
_d297522